Hempcomp Ltd v Birmingham CC (Record no. 109005)

MARC details
000 -LEADER
fixed length control field 02241cam a22003135a 4500
001 - CONTROL NUMBER
control field L145988
008 - FIXED-LENGTH DATA ELEMENTS--GENERAL INFORMATION
fixed length control field 081128e20080409xxk f v 000 0 eng d
035 ## - SYSTEM CONTROL NUMBER
System control number (Sirsi) u145988
041 0# - LANGUAGE CODE
Language code of text/sound track or separate title eng
245 00 - TITLE STATEMENT
Title Hempcomp Ltd v Birmingham CC
Medium [electronic resource]
260 ## - PUBLICATION, DISTRIBUTION, ETC.
Date of publication, distribution, etc. 2008
520 ## - SUMMARY, ETC.
Summary, etc. ACQ/12/2006 AND ACQ13/12/2006 9 April 2008. Application for adjournment in a compulsory purchase case was rejected after the applicant was found to have a history of attempting to delay the process unecessarily. Appellant (H)'s request for £500 000 in respect of two properties was rejected and figures closer to £70 000 for each of the properties were payable by the county council (B). H had arrived at his sum through unfit comparable valuations with local properties that had been sold at later dates than his properties and differed materially. In addition to this, the properties purchased by B were uninhabitable and not fit for mortgage purposes and so they were valued using the residual method. In addition to this, there were serious flaws in his expert statement and several points had been put forward without appropriate supporting evidence. H was ordered to pay both his costs and the cost of the local authority.
521 ## - TARGET AUDIENCE NOTE
Target audience note Advanced
590 ## - LOCAL NOTE (RLIN)
Local note KA
650 24 - SUBJECT ADDED ENTRY--TOPICAL TERM
Topical term or geographic name entry element HEMPCOMP LTD V BIRMINGHAM CC
650 24 - SUBJECT ADDED ENTRY--TOPICAL TERM
Topical term or geographic name entry element BIRMINGHAM (CITY ROAD LADYWOOD) PART II HOUSING COMPULSORY PURCHASE ORDER 1999
650 24 - SUBJECT ADDED ENTRY--TOPICAL TERM
Topical term or geographic name entry element BIRMINGHAM (MONUMENT ROAD EDGEBASTON) PART II HOUSING COMPULSORY PURCHASE ORDER 1999
650 24 - SUBJECT ADDED ENTRY--TOPICAL TERM
Topical term or geographic name entry element COMPULSORY PURCHASE (VESTING DECLARATIONS) ACT 1981
650 24 - SUBJECT ADDED ENTRY--TOPICAL TERM
Topical term or geographic name entry element EMSLIE AND SIMPSON LTD V ABERDEEN DC (NO 2)
650 24 - SUBJECT ADDED ENTRY--TOPICAL TERM
Topical term or geographic name entry element ESSEX COUNTY SHOWGROUND GROUP V ESSEX COUNTY COUNCIL
650 24 - SUBJECT ADDED ENTRY--TOPICAL TERM
Topical term or geographic name entry element GARROD V LONDON BOROUGH OF NEWHAM
650 24 - SUBJECT ADDED ENTRY--TOPICAL TERM
Topical term or geographic name entry element HOUSING ACT 1985 S17
650 24 - SUBJECT ADDED ENTRY--TOPICAL TERM
Topical term or geographic name entry element PURFLEET FARMS LTD V SOS FOR TRANSPORT, LOCAL GOVERNMENT AND THE REGIONS
650 24 - SUBJECT ADDED ENTRY--TOPICAL TERM
Topical term or geographic name entry element SNOOK & ORS V SOMERSET COUNTY COUNCIL
651 #4 - SUBJECT ADDED ENTRY--GEOGRAPHIC NAME
Geographic name England and Wales
Chronological subdivision 1543-
690 ## - LOCAL SUBJECT ADDED ENTRY--TOPICAL TERM (OCLC, RLIN)
Topical term or geographic name as entry element ENVIRONMENTAL AND LAND CONSULTANCY-PLANNING AND DEVELOPMENT-COMPULSORY PURCHASE AND COMPENSATION
856 40 - ELECTRONIC LOCATION AND ACCESS
Uniform Resource Identifier <a href="https://www.landstribunal.gov.uk/Aspx/view.aspx?id=507">https://www.landstribunal.gov.uk/Aspx/view.aspx?id=507</a>
Public note View the item free of charge online at www.landstribunal.gov.uk...
942 ## - ADDED ENTRY ELEMENTS (KOHA)
Suppress in OPAC 0
Holdings
Withdrawn status Lost status Source of classification or shelving scheme Damaged status Not for loan Home library Current library Shelving location Date acquired Total Checkouts Full call number Barcode Date last seen Copy number Price effective from Koha item type
    Dewey Decimal Classification     Virtual Virtual Online 28/11/2008   ONLINE PUBLICATION 145988-1001 06/08/2019 1 06/08/2019 Law report